000 00703nam a2200253Ia 4500
001 43376
005 20240114003545.0
007 ta
008 080926s1950 g b000 u 465 u
040 _aCotton College,Assam
041 _a465
082 _a027
_bM 459 P
100 _aMcColvin, lionel R. .
245 0 _aPublic Library Extension /
_clionel R. McColvin.
_hTextual Documents
250 _aIst ed /
260 _bScientific And Cultural Organization ,
_c1950.
300 _a113p ;
_c21cm.
653 _aLibrary- Public Library
653 _aSocial Science- Library Extension
653 _aT/G- Social Science
942 _2ddc
_cBK
999 _c43342
_d43342